000 00460nam a2200181 a 4500
001 3057
005 20140414131852.0
008 060131s19uu xx 00 eng d
020 _a0-356-11350-7
050 _aM 629.22
_bT37 1995
100 _aThompson, Graham
245 _aCars and trucks /
_cGraham Thompson.
260 _aLondon :
_bMacdonald,
_c1995.
300 _a1 v. p. ; cm.
440 _aWheels
650 _aTypes of vehicles.
999 _c110265
_d110265